00323 2200145 4500245004100000250001100041100001800052650001600070650001700086005001900103260001800122041001400140084001400154336000900168 aMy LIfe JourneycFalah ArdhitohText aCet. 1 aFalah Ardhito aKarya Siswa aAutobiografi a20250520110958 aJakartac2025 aIndonesia a081 FAL m atext